Las tres hermanas; El jardín de los cerezos; Tío Vania

Gorde:
Xehetasun bibliografikoak
Egile nagusia: Chéjov, Anton
Formatua: Liburua
Hizkuntza:Undetermined
Argitaratua: Madrid, España Bruguera 1971
Gaiak:
Etiketak: Etiketa erantsi
Etiketarik gabe, Izan zaitez lehena erregistro honi etiketa jartzen!

MARC

LEADER 00000nam a2200000Ia 4500
008 170316s9999 xx 000 0 und d
040 |a cru BVZT 
090 |a 891 Ch-1t 
100 |a Chéjov, Anton 
245 |a Las tres hermanas; El jardín de los cerezos; Tío Vania 
260 |a Madrid, España 
260 |b Bruguera 
260 |c 1971 
300 |a 325 páginas 
650 |a LITERATURA RUSA 
999 |c 12014  |d 12014 
942 |c 15 D  |h 891 Ch-1t  |2 z